| 000 | 00000nam 2200000zi 4500 |
| 001 | 9.874966 |
| 003 | CaOODSP |
| 005 | 20240809215817 |
| 006 | m o d f |
| 007 | cr cn||||||||| |
| 008 | 190614t20202020onca ob f000 0 eng d |
| 020 | |a9780660314464 |
| 040 | |aCaOODSP|beng|erda|cCaOODSP |
| 043 | |an-cn--- |
| 086 | 1 |aH144-63/2019E-PDF |
| 245 | 00|aYou're active in the heat : |byou're at risk! : protect yourself from extreme heat. |
| 264 | 1|aOttawa, Ontario : |bHealth Canada = Santé Canada, |c[2020] |
| 264 | 4|c©2020 |
| 300 | |a1 online resource (12 unnumbered pages) : |bcolour illustrations |
| 336 | |atext|btxt|2rdacontent |
| 337 | |acomputer|bc|2rdamedia |
| 338 | |aonline resource|bcr|2rdacarrier |
| 500 | |aIssued also in French under title: Vous êtes actif quand chaud. Vous êtes à risque! Protégez-vous du temps très chaud. |
| 500 | |a"Pub.: 190128." |
| 500 | |aIssued also in HTML format. |
| 504 | |aIncludes bibliographical references. |
| 530 | |aIssued also in printed form. |
| 650 | 0|aHeat exhaustion|zCanada|xPrevention. |
| 650 | 0|aHeat stroke|zCanada|xPrevention. |
| 710 | 1 |aCanada. |bHealth Canada, |eissuing body. |
| 775 | 08|tVous êtes actif quand chaud : |w(CaOODSP)9.874968 |
| 776 | 0#|tYou're active in the heat. You're at risk! : |w(CaOODSP)9.874967 |
| 794 | |tYou're active in the heat : |w(CaOODSP)9.941723 |
| 795 | |tYou're active in the heat! You're at risk! : |w(CaOODSP)9.696249 |
| 856 | 40|qPDF|s2.36 MB|uhttps://publications.gc.ca/collections/collection_2021/sc-hc/H144-63-2019-eng.pdf |
| 856 | 4 |qHTML|sN/A|uhttps://www.canada.ca/en/health-canada/services/environmental-workplace-health/reports-publications/climate-change-health/you-active-heat-you-risk-protect-yourself-extreme-heat-2011-health-canada-brochure.html |